<?xml version="1.0" encoding="UTF-8"?>
<collection xmlns="http://www.loc.gov/MARC21/slim">
<record>
  <controlfield tag="001">133161</controlfield>
  <controlfield tag="005">20240322124130.0</controlfield>
  <datafield tag="024" ind1="7" ind2=" ">
    <subfield code="2">doi</subfield>
    <subfield code="a">10.15568/am.2019.807.cc02</subfield>
  </datafield>
  <datafield tag="024" ind1="8" ind2=" ">
    <subfield code="2">sideral</subfield>
    <subfield code="a">137860</subfield>
  </datafield>
  <datafield tag="037" ind1=" " ind2=" ">
    <subfield code="a">ART-2019-137860</subfield>
  </datafield>
  <datafield tag="041" ind1=" " ind2=" ">
    <subfield code="a">spa</subfield>
  </datafield>
  <datafield tag="100" ind1=" " ind2=" ">
    <subfield code="a">Luesma-Bartolomé, Mª José</subfield>
    <subfield code="u">Universidad de Zaragoza</subfield>
    <subfield code="0">(orcid)0000-0003-4071-1467</subfield>
  </datafield>
  <datafield tag="245" ind1=" " ind2=" ">
    <subfield code="a">Hernia de hiato como causa de enfermedad por reflujo gastroesofágico. Reporte de un caso</subfield>
  </datafield>
  <datafield tag="260" ind1=" " ind2=" ">
    <subfield code="c">2019</subfield>
  </datafield>
  <datafield tag="520" ind1="3" ind2=" ">
    <subfield code="a">Objetivo: Presentar un caso de hernia de hiato como causa de enfermedad por reflujo gastroesofágico.
Metodología: Mujer de 68 años valorada en Consultas Externas de Cirugía General por cuadro de dolor abdominal y pirosis. Diagnosticada de enfermedad por reflujo gastroesofágico secundaria a hernia de hiato, se propone tratamiento quirúrgico para realizar una técnica antirreflujo por vía laparoscópica.
Resultados: El postoperatorio y el seguimiento cursaron sin complicaciones evidenciándose un esófago sin alteraciones de calibre y sin dificultades en la progresión de la columna de contraste al estómago. La paciente presenta un buen estado clínico y es dada de alta definitiva.
Conclusiones: La hernia de hiato es una de las causas más frecuentes de enfermedad por reflujo gastroesofágico. En caso de fracaso del tratamiento médico, la cirugía antirreflujo por vía laparoscópica es la técnica de elección, permitiendo una más rápida y mejor recuperación postoperatoria, y un buen resultado funcional a largo plazo.

Objective: To present a case of hiatus hernia as a cause of gastroesophageal reflux disease.
Methodology: A 68-year-old woman was evaluated in External Consultations of General Surgery due to abdominal pain and heartburn. Being diagnosed with gastroesophageal reflux disease secondary to hiatus hernia, surgical treatment is proposed to perform a laparoscopic antireflux technique.
Results: The postoperative period and follow-up were without complications, evidencing an esophagus without alterations of caliber and without difficulties in the progression of the contrast column to the stomach. The patient has a good clinical condition and is definitively discharged.
Conclusions: Hiatus hernia is one of the most frequent causes of gastroesophageal reflux disease. In case of failure of medical treatment, laparoscopic antireflux surgery is the technique of choice, allowing a faster and better postoperative recovery, and a good long-term functional result.</subfield>
  </datafield>
  <datafield tag="506" ind1="0" ind2=" ">
    <subfield code="a">Access copy available to the general public</subfield>
    <subfield code="f">Unrestricted</subfield>
  </datafield>
  <datafield tag="540" ind1=" " ind2=" ">
    <subfield code="9">info:eu-repo/semantics/openAccess</subfield>
    <subfield code="a">All rights reserved</subfield>
    <subfield code="u">http://www.europeana.eu/rights/rr-f/</subfield>
  </datafield>
  <datafield tag="655" ind1=" " ind2="4">
    <subfield code="a">info:eu-repo/semantics/article</subfield>
    <subfield code="v">info:eu-repo/semantics/publishedVersion</subfield>
  </datafield>
  <datafield tag="700" ind1=" " ind2=" ">
    <subfield code="a">Cantarero-Carmona, Irene</subfield>
  </datafield>
  <datafield tag="700" ind1=" " ind2=" ">
    <subfield code="a">Blas-Laína, Juan Luís</subfield>
    <subfield code="u">Universidad de Zaragoza</subfield>
    <subfield code="0">(orcid)0000-0001-7004-4664</subfield>
  </datafield>
  <datafield tag="700" ind1=" " ind2=" ">
    <subfield code="a">Morales-Hernández, Irene</subfield>
  </datafield>
  <datafield tag="700" ind1=" " ind2=" ">
    <subfield code="a">Trebolle, José Fernando</subfield>
  </datafield>
  <datafield tag="710" ind1="2" ind2=" ">
    <subfield code="1">1003</subfield>
    <subfield code="2">027</subfield>
    <subfield code="a">Universidad de Zaragoza</subfield>
    <subfield code="b">Dpto. Anatom.Histolog.Humanas</subfield>
    <subfield code="c">Area Anatom.Embriol.Humana</subfield>
  </datafield>
  <datafield tag="710" ind1="2" ind2=" ">
    <subfield code="1">1004</subfield>
    <subfield code="2">090</subfield>
    <subfield code="a">Universidad de Zaragoza</subfield>
    <subfield code="b">Dpto. Cirugía,Ginecol.Obstetr.</subfield>
    <subfield code="c">Área Cirugía</subfield>
  </datafield>
  <datafield tag="773" ind1=" " ind2=" ">
    <subfield code="g">104, 807 (2019), 121-123</subfield>
    <subfield code="p">Actual. méd.</subfield>
    <subfield code="t">Actualidad médica</subfield>
    <subfield code="x">0365-7965</subfield>
  </datafield>
  <datafield tag="856" ind1="4" ind2=" ">
    <subfield code="s">571980</subfield>
    <subfield code="u">http://zaguan.unizar.es/record/133161/files/texto_completo.pdf</subfield>
    <subfield code="y">Versión publicada</subfield>
  </datafield>
  <datafield tag="856" ind1="4" ind2=" ">
    <subfield code="s">2340671</subfield>
    <subfield code="u">http://zaguan.unizar.es/record/133161/files/texto_completo.jpg?subformat=icon</subfield>
    <subfield code="x">icon</subfield>
    <subfield code="y">Versión publicada</subfield>
  </datafield>
  <datafield tag="909" ind1="C" ind2="O">
    <subfield code="o">oai:zaguan.unizar.es:133161</subfield>
    <subfield code="p">articulos</subfield>
    <subfield code="p">driver</subfield>
  </datafield>
  <datafield tag="951" ind1=" " ind2=" ">
    <subfield code="a">2024-03-22-09:48:30</subfield>
  </datafield>
  <datafield tag="980" ind1=" " ind2=" ">
    <subfield code="a">ARTICLE</subfield>
  </datafield>
</record>
</collection>